000 00348pab a2200133 454500
008 180718b xxu||||| |||| 00| 0 eng d
100 _aKrishna Rao Y.V.
245 _aAgro-industries and land reforms
362 _a31(40), 3 Oct 93, p.3
650 _a Industry, Rural -- India
650 _aLand Tenure -- India
773 _aNew Age
909 _a25405
999 _c25405
_d25405